000 01039nam a2200301 4500
001 245
003 OSt
005 20250528074016.0
008 250206b |||||||e |||| 00| 1 eng d
040 _bpor
041 _heng
_apor
082 _a823
_bF667tr
100 1 _aFollett, Ken,
_d1949-
_9453
240 _aTriple
245 _aTriângulo /
_cFollett, Ken ; Tradução de A. B. Pinheiro de Lemos
260 _aSão Paulo
_bCírculo do Livro
_c1979
300 _a385 p.
520 _aUm judeu, um russo e um egópcio encotram-se rapidamente em Oxford em 1947. Vinte anos depois um carregamento de urânio desaparece entre Antuérpia e Gênova. Eo homem que voltou da morte recebe uma missão que o coloca novamente num rumo fatal.
650 0 _aLiteratura Inglesa
_989
650 0 _aCrime e Investigação
_913
650 0 _aSuspense
_910
650 0 _aFatos Reais
_933
650 0 _aPolitica
_9138
655 0 _aRomance
_923
655 0 _aFicção
_922
700 _aA. B. Pinheiro de Lemos
_eTradutor
_9109
942 _2ddc
_n0
_cBK
999 _c245
_d245